Data Transmission Over GSM Voice Channel / (Record no. 217247)
[ view plain ]
| 000 -LEADER | |
|---|---|
| fixed length control field | 00737 a2200193 4500 |
| 003 - CONTROL NUMBER IDENTIFIER | |
| control field | NUST |
| 005 - DATE AND TIME OF LATEST TRANSACTION | |
| control field | 20251219143730.0 |
| 040 ## - CATALOGING SOURCE | |
| Transcribing agency | Nust |
| 082 ## - DEWEY DECIMAL CLASSIFICATION NUMBER | |
| Classification number | 621.382,IMT |
| 100 ## - MAIN ENTRY--PERSONAL NAME | |
| Personal name | Imtiaz, Hira (TE-48) |
| 9 (RLIN) | 132508 |
| 245 ## - TITLE STATEMENT | |
| Title | Data Transmission Over GSM Voice Channel / |
| Statement of responsibility, etc. | NC Hira Imtiaz, NC Ifrah Waheed and PC Badar Mehmood |
| 260 ## - PUBLICATION, DISTRIBUTION, ETC. | |
| Place of publication, distribution, etc. | Rawalpindi |
| Name of publisher, distributor, etc. | MCS (NUST) |
| Date of publication, distribution, etc. | August 2015 |
| 300 ## - PHYSICAL DESCRIPTION | |
| Extent | xiv, 43 p.; |
| 505 ## - FORMATTED CONTENTS NOTE | |
| Formatted contents note | Introduction (Page-1), Literature Review (Page-5), Design and Development (Page-11), Project Analysis and Evaluation (Page-22), Recommendation for Future Work (Page-33), Conclusion (Page-34). |
| 650 ## - SUBJECT ADDED ENTRY--TOPICAL TERM | |
| Topical term or geographic name entry element | UG Project |
| 9 (RLIN) | 131132 |
| 651 ## - SUBJECT ADDED ENTRY--GEOGRAPHIC NAME | |
| Geographic name | TE-48 |
| 700 ## - ADDED ENTRY--PERSONAL NAME | |
| Personal name | Supervised by Dr. Ashraf Masood |
| 9 (RLIN) | 132413 |
| 942 ## - ADDED ENTRY ELEMENTS (KOHA) | |
| Koha item type | Project Report |
| Source of classification or shelving scheme | |
| Withdrawn status | Lost status | Source of classification or shelving scheme | Damaged status | Not for loan | Permanent Location | Current Location | Shelving location | Date acquired | Full call number | Barcode | Date last seen | Price effective from | Koha item type | Public note |
|---|---|---|---|---|---|---|---|---|---|---|---|---|---|---|
| Military College of Signals (MCS) | Military College of Signals (MCS) | Reference | 12/12/2016 | 621.382,IMT | MCSPTC-263 | 12/08/2016 | 12/12/2016 | Project Report | Almirah No. 94, Shelf No. 5 |
